000 00774nam a22001937a 4500
999 _c59127
_d59127
003 Ge_BSU
005 20221129103648.0
008 221129s1979ge xxu||||| |||| 00| 0 geo d
041 _ageo
080 _a94(=361) ტ-13
100 _aტაბაღუა, ილია, ავტ.
_916185
245 _aბასკები : ლეგენდები და ფაქტები /
_cილია ტაბაღუა.
264 _aთბილისი :
_bსაბჭ. საქართველო,
_c1979.
300 _a171 გვ. :
_b ილ. ;
_c16 სმ.
520 _aრეზ. რუს. და ინგლ.
653 _aბასკების ისტორია.
653 _aბასკური კულტურა.
942 _2udc
_cBK